Los medios de comunicación en la historia política contemporánea de Venezuela /
Uloženo v:
| Hlavní autor: | |
|---|---|
| Médium: | Text |
| Tagy: |
Přidat tag
Žádné tagy, Buďte první, kdo vytvoří štítek k tomuto záznamu!
|
MARC
| LEADER | 00000 a a2200000 04500 | ||
|---|---|---|---|
| 001 | 46729 | ||
| 003 | |||
| 040 | |||
| 100 | |a Añez Cardozo, María Ignacia | ||
| 245 | |a Los medios de comunicación en la historia política contemporánea de Venezuela / |c María Ignacia Añez Cardozo | ||
| 773 | |g volumen29, número50 ( , 2013), páginas 123-135 | ||
| 999 | |c 31052 |d 31052 | ||
